<?xml version="1.0" encoding="UTF-8"?><?xml-stylesheet type="text/xsl" href="static/style.xsl"?><OAI-PMH xmlns="http://www.openarchives.org/OAI/2.0/" xmlns:xsi="http://www.w3.org/2001/XMLSchema-instance" xsi:schemaLocation="http://www.openarchives.org/OAI/2.0/ http://www.openarchives.org/OAI/2.0/OAI-PMH.xsd"><responseDate>2026-04-13T01:14:17Z</responseDate><request verb="GetRecord" identifier="oai:www.recercat.cat:10256/21386" metadataPrefix="marc">https://recercat.cat/oai/request</request><GetRecord><record><header><identifier>oai:recercat.cat:10256/21386</identifier><datestamp>2024-06-13T10:04:37Z</datestamp><setSpec>com_2072_453051</setSpec><setSpec>com_2072_2054</setSpec><setSpec>col_2072_453057</setSpec></header><metadata><record xmlns="http://www.loc.gov/MARC21/slim" xmlns:dcterms="http://purl.org/dc/terms/" xmlns:xsi="http://www.w3.org/2001/XMLSchema-instance" xmlns:doc="http://www.lyncode.com/xoai" xsi:schemaLocation="http://www.loc.gov/MARC21/slim http://www.loc.gov/standards/marcxml/schema/MARC21slim.xsd">
   <leader>00925njm 22002777a 4500</leader>
   <datafield ind2=" " ind1=" " tag="042">
      <subfield code="a">dc</subfield>
   </datafield>
   <datafield ind2=" " ind1=" " tag="720">
      <subfield code="a">Diversity and Childhood (Projecte)</subfield>
      <subfield code="e">author</subfield>
   </datafield>
   <datafield ind2=" " ind1=" " tag="260">
      <subfield code="c">2020</subfield>
   </datafield>
   <datafield ind2=" " ind1=" " tag="520">
      <subfield code="a">This report offers a selection of 60 good practices to address violence against LGBT+ children in five areas: Education, Health, Public Space, Family and Media.&#xd;
To achieve one of the main goals set in the project, that is, to map good practices regarding attention in the intersection between gender, sexuality and childhood in 5 key spheres: school, health, family, public spaces and media, the partners of the project have conducted national research in nine European countries in order to identify the good practices for dealing with violence towards LGBT+ children. The involved countries in this project are Belgium, Croatia, Greece, Hungary, Lithuania, Poland, Portugal, Slovenia and Spain, all of them offering different social and cultural contexts with regards to LGTB+ issues.&#xd;
The selection includes good practices from different types of organizations: national public bodies, regional and local public bodies, NGOs, Social Movements and professionals in different spheres of life.&#xd;
This document offers practical suggestions on how to improve the competences of public authorities, NGOs, professionals and decision markers when facing the different forms of violence experienced by LGBTI+ children in five spheres of their lives, as well as to support LGBTI+ children and promote diversity as a positive value in our society.&#xd;
Each one of the selected good practices provides information about the county of implementation, Organization, the scope of the policy, topics, major absences and policy texts. Some of the selected practices are not specially addressed to LGTBTI+ children, but they support the diversity of gender and sexuality in childhood and contribute to prevent or combat violence against LGBTI+ children. Somme good practices presented in this document cover several areas, but we have reported them in the main area they cover</subfield>
   </datafield>
   <datafield ind2=" " ind1=" " tag="520">
      <subfield code="a">Projecte "Diversity and childhood: changing social attitudes towards gender diversity in children across Europe", finançat pel Programa de Drets, Igualtat i Ciutadania (2014-2020) de la Unió Europea (REC-RDAP-GBV-AG-2018-856680)</subfield>
   </datafield>
   <datafield ind1="8" ind2=" " tag="024">
      <subfield code="a">http://hdl.handle.net/10256/21386</subfield>
   </datafield>
   <datafield tag="653" ind2=" " ind1=" ">
      <subfield code="a">Infants -- Protecció, assistència, etc.</subfield>
   </datafield>
   <datafield tag="653" ind2=" " ind1=" ">
      <subfield code="a">Child welfare</subfield>
   </datafield>
   <datafield tag="653" ind2=" " ind1=" ">
      <subfield code="a">Minories sexuals -- Violència contra</subfield>
   </datafield>
   <datafield tag="653" ind2=" " ind1=" ">
      <subfield code="a">Sexual minorities -- Violence against</subfield>
   </datafield>
   <datafield tag="653" ind2=" " ind1=" ">
      <subfield code="a">Infants i sexualitat</subfield>
   </datafield>
   <datafield tag="653" ind2=" " ind1=" ">
      <subfield code="a">Children and sex</subfield>
   </datafield>
   <datafield tag="653" ind2=" " ind1=" ">
      <subfield code="a">Atenció a la diversitat</subfield>
   </datafield>
   <datafield ind2="0" ind1="0" tag="245">
      <subfield code="a">Collection of good practices: to combat violence against LGBT and gender non-conforming children</subfield>
   </datafield>
</record></metadata></record></GetRecord></OAI-PMH>